书目信息 |
| 题名: |
桥牌自然体系一本通
|
|
| 作者: | 马志勇 编著 | |
| 分册: | ||
| 出版信息: | 北京 人民体育出版社 2018 |
|
| 页数: | 11,330页 | |
| 开本: | 24cm | |
| 丛书名: | ||
| 单 册: | ||
| 中图分类: | G892.1 | |
| 科图分类: | ||
| 主题词: | 桥牌--基本知识 | |
| 电子资源: | ||
| ISBN: | 978-7-5009-5266-4 | |
| 000 | 00823nam0 2200229 450 | |
| 001 | 012001002039 | |
| 005 | 20140926114739.0 | |
| 010 | @a978-7-5009-5266-4@dCNY30.00 | |
| 100 | @a20180513d2018 em y0chiy50 ea | |
| 101 | 0 | @achi |
| 102 | @aCN@b110000 | |
| 105 | @ay z 000yy | |
| 106 | @ar | |
| 200 | 1 | @a桥牌自然体系一本通@9qiao pai zi ran ti xi yi ben tong@f马志勇编著 |
| 210 | @a北京@c人民体育出版社@d2018 | |
| 215 | @a11,330页@d24cm | |
| 330 | @a本书简明扼要地介绍了叫牌阶段的牌力微调知识、争叫的五大安全因素、常用的单套花色处理常识、无将及有将定约做庄要点、无将及有将定约的防守策略、无将及有将定约首攻的诀窍及庄家和防守方的读牌技巧等理论知识。 | |
| 606 | 0 | @a桥牌@x基本知识 |
| 690 | @aG892.1@v5 | |
| 701 | 0 | @a马志勇@9ma zhi yong@4编著 |
| 801 | 0 | @aCN@b上海新华@c20180901 |
| 905 | @b1152612-6@dG892.1@e419@f5 | |
| 桥牌自然体系一本通/马志勇编著.-北京:人民体育出版社,2018 |
| 11,330页;24cm |
| ISBN 978-7-5009-5266-4:CNY30.00 |
| 本书简明扼要地介绍了叫牌阶段的牌力微调知识、争叫的五大安全因素、常用的单套花色处理常识、无将及有将定约做庄要点、无将及有将定约的防守策略、无将及有将定约首攻的诀窍及庄家和防守方的读牌技巧等理论知识。 |
| ● |
| 相关链接 |
|
|
|
|
正题名:桥牌自然体系一本通
索取号:G892.1/419
 
预约/预借
| 序号 | 登录号 | 条形码 | 馆藏地/架位号 | 状态 | 备注 |
| 1 | 1152612 | 211526124 | 第四借阅区/ [索取号:G892.1/419] | 在馆 | |
| 2 | 1152613 | 211526133 | 密集书库-资源管理系/ [索取号:G892.1/419] | 在馆 | |
| 3 | 1152614 | 211526142 | 第一样本阅览室/ [索取号:G892.1/419] | 在馆 | |
| 4 | 1152615 | 211526151 | 第四借阅区/ [索取号:G892.1/419] | 在馆 | |
| 5 | 1152616 | 211526160 | 第四借阅区/ [索取号:G892.1/419] | 在馆 |